Discriminación retributiva en función del género: un análisis técnico y jurídico
Збережено в:
| Автор: | |
|---|---|
| Формат: | Книга |
| Мова: | Іспанська |
| Опубліковано: |
Sevilla
Mergablum
2004
|
| Серія: | Monografías de Temas Laborales, 17
|
| Предмети: | |
| Теги: |
Додати тег
Немає тегів, Будьте першим, хто поставить тег для цього запису!
|
MARC
| LEADER | 00000nam a2200000 a 4500 | ||
|---|---|---|---|
| 001 | UCK3858 | ||
| 003 | CL-VaPUC | ||
| 008 | 050513e20040000SP |||||||||||||||||spa|d | ||
| 020 | |a 8496378004 | ||
| 082 | 0 | 4 | |a 344.014 |b SAL |2 21 |
| 100 | 0 | |a Saldaña Valderas, Eva |e author |9 492207 | |
| 245 | 1 | 0 | |a Discriminación retributiva en función del género: un análisis técnico y jurídico |
| 300 | |a 400 p | ||
| 942 | |c BK | ||
| 945 | |d 20050513 00:00:00 |a cmena | ||
| 260 | |a Sevilla |b Mergablum |c 2004 | ||
| 650 | 7 | |a DERECHO LABORAL |2 CL-VaPUC |9 15 | |
| 650 | 7 | |a DISCRIMINACION LABORAL |2 CL-VaPUC |9 410817 | |
| 650 | 0 | |a Discriminación sexual |9 313877 | |
| 650 | 0 | |a Mujeres |9 257649 | |
| 650 | 0 | |a Salarios |9 255321 | |
| 583 | |a last modification |c 20050513 00:00:00 |k Rodrigo Vera | ||
| 490 | 0 | |a Monografías de Temas Laborales, 17 | |
| 999 | |c 312909 |d 312907 | ||
| 952 | |0 0 |1 0 |4 0 |6 344_014000000000000_SAL_2004 |7 0 |8 A |9 383766 |a BIBDER |b BIBDER |d 2019-11-22 |i 4140389 |o 344.014 SAL 2004 |p 4140389 |r 2023-01-25 |w 2019-11-22 |y BK |k DER | ||